| 000 | 00466nam a2200169 4500 | ||
|---|---|---|---|
| 003 | SEACOMMC | ||
| 005 | 20250425135827.0 | ||
| 008 | 241127b |||||||| |||| 00| 0 eng d | ||
| 020 |
_a 978-93-5138-285-0 _cRs.115.00 |
||
| 040 | _aSEACOMMC | ||
| 082 |
_a428.3 _bM 697 |
||
| 100 | _a Mohan,Krishna | ||
| 245 | 1 |
_aSpeaking English Effectively _cKrishna Mohan [and] N. P Singh |
|
| 260 |
_a New Delhi _bMacmillian _c 1995 |
||
| 650 | _a English Speaking | ||
| 942 | _cBOOK | ||
| 999 |
_c800 _d800 |
||